Poistiteľnosť rizika teroristických útokov
Terorizmus ako celosvetový problém. Rozdiel medzi teroristickými útokmi a inými kriminálnymi činmi. Riziká poistného sektora vyplývajúce z terorizmu. Poistné náhrady vyplatené za škody po teroristických útokoch. Úloha vlády pri krytí teroristických rizík. Podpora poistného trhu a dostupnosť poisteni...
Guardado en:
| Autor principal: | |
|---|---|
| Formato: | Capítulo de libro |
| Lenguaje: | eslovaco |
| Materias: | |
| Etiquetas: |
Sin Etiquetas, Sea el primero en etiquetar este registro!
|
MARC
| LEADER | 00000naa$a2200000$$$4500 | ||
|---|---|---|---|
| 001 | 0109787 | ||
| 005 | 20240502083255.0 | ||
| 041 | 0 | |a slo | |
| 044 | |a CZ | ||
| 245 | 1 | 0 | |a Poistiteľnosť rizika teroristických útokov |c Peter Marko |
| 520 | |a Terorizmus ako celosvetový problém. Rozdiel medzi teroristickými útokmi a inými kriminálnymi činmi. Riziká poistného sektora vyplývajúce z terorizmu. Poistné náhrady vyplatené za škody po teroristických útokoch. Úloha vlády pri krytí teroristických rizík. Podpora poistného trhu a dostupnosť poistenia proti teroristickým rizikám. | ||
| 610 | 2 | 0 | |a terorizmus |
| 610 | 2 | 0 | |a činy trestné |
| 610 | 2 | 0 | |a bezpečnosť medzinárodná |
| 610 | 2 | 0 | |a poistenie rizikové |
| 610 | 2 | 0 | |a trh poistný |
| 610 | 2 | 0 | |a politika bezpečnostná |
| 610 | 2 | 0 | |a riziko poistné |
| 610 | 2 | 0 | |a náhrada škody |
| 100 | 1 | |a Marko, Peter | |